000 00281nam a22001337a 4500
008 171016b xxu||||| |||| 00| 0 eng d
020 _a9780073528564
041 _aeng
080 _23 ED
_a33
100 _a52
101 _aECO
245 _aECONOMICS
_cCOLE.D
942 _2udc
_cBK
999 _c34079
_d34079